| 000 | 00598nam a2200169 i 4500 | ||
|---|---|---|---|
| 001 | 26485 | ||
| 003 | ES-MaACL | ||
| 005 | 20230906153441.0 | ||
| 007 | t| | ||
| 008 | 030109s1940 sp ||||1| spa d | ||
| 100 | 1 |
_aAunós Pérez, Antonio. _923921 |
|
| 245 | 1 | 3 |
_aEl problema social en el derecho moderno _b: conferencia / _cpronunciada por Antonio Aunós Pérez. |
| 260 |
_aBarcelona : _b[s.n., _c1940] ( _eBarcelona : _fNagsa) |
||
| 500 | _aPrecede a tít.: Servicio Sindical de Cultura Social. | ||
| 710 | 2 |
_aServicio Sindical de Cultura Social. _96589 |
|
| 852 |
_aES-MaACL _j1832-F-16 _bR.19270 |
||
| 999 |
_c26485 _d26485 |
||